Y Volvió a temblar : cronología de los sismos en México : (de1 pedernal a 1821) / (Record no. 87124)
[ view plain ]
| 000 -LEADER | |
|---|---|
| fixed length control field | 00904cam a2200229 4500 |
| 008 - FIXED-LENGTH DATA ELEMENTS--GENERAL INFORMATION | |
| fixed length control field | 1987 spa |
| 020 ## - INTERNATIONAL STANDARD BOOK NUMBER | |
| International Standard Book Number | 968-496-100-6 |
| 050 #4 - LIBRARY OF CONGRESS CALL NUMBER | |
| Classification number | F1386 |
| Item number | .5 V68 1987 |
| 245 #2 - TITLE STATEMENT | |
| Title | Y Volvió a temblar : cronología de los sismos en México : (de1 pedernal a 1821) / |
| Statement of responsibility, etc | coord. Teresa Rojas Rabiela, Juan Manuel Pérez Zevallos, Virginia García Acosta ; colab. Jorge Chávez ... [et al.] ; introd. Juan Pedro Viqueira. |
| 260 ## - PUBLICATION, DISTRIBUTION, ETC. (IMPRINT) | |
| Place of publication, distribution, etc | México : |
| Name of publisher, distributor, etc | SEP, |
| Date of publication, distribution, etc | 1987 |
| 300 ## - PHYSICAL DESCRIPTION | |
| Extent | 201 p. ; |
| Dimensions | 23 cm. |
| 440 #0 - SERIES STATEMENT/ADDED ENTRY--TITLE | |
| Title | Cuadernos de la Casa Chata ; 135 |
| 500 ## - GENERAL NOTE | |
| General note | 2 ejemplares |
| 504 ## - BIBLIOGRAPHY, ETC. NOTE | |
| Bibliography, etc | Bibliografia: p. 197-201 |
| 650 #4 - SUBJECT ADDED ENTRY--TOPICAL TERM | |
| Topical term or geographic name as entry element | Terremotos |
| General subdivision | México |
| -- | Historia |
| -- | Fuentes |
| 650 #4 - SUBJECT ADDED ENTRY--TOPICAL TERM | |
| Topical term or geographic name as entry element | Terremotos |
| General subdivision | México |
| -- | Historia |
| -- | Cronología |
| 700 1# - ADDED ENTRY--PERSONAL NAME | |
| Personal name | Rojas Rabiela, Teresa, |
| Relator term | coord. |
| 700 1# - ADDED ENTRY--PERSONAL NAME | |
| Personal name | Pérez Zevallos, Juan Manuel, |
| Relator term | coord. |
| 942 ## - ADDED ENTRY ELEMENTS (KOHA) | |
| Source of classification or shelving scheme | Biblioteca del Cogreso de los Estados Unidos |
| Koha item type | Libro |
| Estado de pérdida | Fuente de clasificación | Estado del daño | No para préstamo | Ubicación permanente | Ubicación actual | Apartado o colección | Fecha de adquisición | Edición | Dependencia de educación superior (DES) | Área del conocimiento | Clasificación | Código de Barras | Date last seen | Número de copia | Tipo de recurso |
|---|---|---|---|---|---|---|---|---|---|---|---|---|---|---|---|
| Biblioteca del Cogreso de los Estados Unidos | Biblioteca del Instituto de Investigaciones Históricas | Biblioteca del Instituto de Investigaciones Históricas | General | 06/06/2018 | 1a ed. | Humanidades | Ciencias Sociales y Administrativas | F1386 .5 V68 1987 | IIH000022127 | 06/06/2018 | C:1 | Libro | |||
| Biblioteca del Cogreso de los Estados Unidos | Biblioteca del Instituto de Investigaciones Históricas | Biblioteca del Instituto de Investigaciones Históricas | General | 06/06/2018 | 1a ed. | Humanidades | Ciencias Sociales y Administrativas | F1386 .5 V68 1987 | IIH000022128 | 06/06/2018 | C:2 | Libro |